|
|
|
|
| LEADER |
00838cam a2200205 7i4500 |
| 001 |
0000030454 |
| 005 |
20131030090000.0 |
| 020 |
0 |
0 |
|a 9789839863437
|
| 090 |
0 |
0 |
|a M 338.7025
|b KEM
|
| 110 |
2 |
0 |
|a Kementerian Pertanian dan Industri Asas Tani Malaysia (MOA)
|
| 245 |
2 |
0 |
|a Transformasi kejayaan usahawan.
|
| 260 |
0 |
0 |
|a Putrajaya:
|b Kementerian Pertanian dan Industri Asas Tani Malaysia (MOA),
|c 2011.
|
| 300 |
# |
# |
|a 144 p.
|
| 650 |
0 |
0 |
|a Packaged food --
|x Directories --
|z Malaysia
|
| 650 |
0 |
0 |
|a Seafood --
|x Directories --
|z Malaysia
|
| 650 |
0 |
0 |
|a Agro - based industry --
|x Directories --
|z Malaysia
|
| 651 |
0 |
0 |
|a Malaysia
|
| 999 |
|
|
|a 0000032792
|b Directories
|c Malaysia
|e Business Information Centre
|
| 999 |
|
|
|a 0000032791
|b Directories
|c Malaysia
|e Business Information Centre
|
| 999 |
|
|
|a 0000032790
|b Directories
|c Malaysia
|e Business Information Centre
|